Counting Stars - OneRepublic lyrics - Statistics

General Stats
  • This quiz has been taken 41 times
  • The average score is 411 of 521
Answer Stats
Answer % Correct
a
100%
be
100%
been
100%
I
100%
stars
100%
the
100%
could
97%
counting
97%
I've
97%
Lately
97%
so
97%
that
97%
thing
97%
we
97%
about
94%
No
94%
sleep
94%
things
94%
Dreaming
91%
hard
91%
But
89%
but
89%
losing
89%
we'll
89%
And
86%
and
86%
baby
86%
more
86%
dollars
83%
in
80%
praying
80%
what
80%
ye
80%
I'm
77%
Old
77%
old
77%
Yeah
77%
yeah
77%
Young
77%
doing
74%
Doing
74%
it
74%
not
74%
think
74%
feel
71%
is
71%
bold
69%
every
69%
right
69%
see
69%
this
69%
we're
69%
wrong
69%
don't
66%
told
66%
couldn't
63%
Everything
63%
just
63%
lie
63%
Make
63%
world
63%
me
60%
my
60%
something
60%
heart
57%
kills
57%
Swing
57%
burn
54%
sold
54%
across
51%
like
51%
makes
51%
out
51%
swinging
51%
watch
51%
alive
49%
Down
49%
life
49%
line
49%
money
49%
Oh
49%
river
49%
fly
46%
take
46%
Take
46%
vine
46%
wanna
46%
flashing
43%
Said
43%
face
40%
find
40%
shall
37%
turn
37%
word
37%
drowns
34%
Hope
34%
learned
34%
lessons
34%
On
34%
Seek
34%
love
31%
signs
31%
Sink
31%
our
29%
your
29%
four-letter
20%
No matching quizzes found
Score Distribution
Percent of People with Each Score
Percentile by Number Answered
Your Score History
You have not taken this quiz